| 000 | 00540nam a22001817a 4500 | ||
|---|---|---|---|
| 999 |
_c24820 _d24820 |
||
| 003 | NUST | ||
| 005 | 20191007121605.0 | ||
| 008 | 150604b xxu||||| |||| 00| 0 eng d | ||
| 020 | _a9789699532016 | ||
| 038 | _aNusrat Nadeem | ||
| 082 | _a954.90 | ||
| 100 | _4Shāh, Ṣafdar ʻAlī, | ||
| 245 |
_aThe Sikhs Heritage of Pakistan _cDr. Safdar Ali Shah, Syed Javaid A. Kazi. |
||
| 300 |
_ax, 96 pages _bill _c31 cm |
||
| 504 | _aIncludes bibliographical references (pages 94-96). | ||
| 650 |
_aSikhism _bPakistan. _922931 |
||
| 942 |
_2ddc _cBK |
||